Crianças do Brasil (Record no. 189589)

MARC details
000 -LÍDER
campo de controle de tamanho fixo 00371 a2200169 4500
001 - NÚMERO DE CONTROLE
campo de controle 189589
020 ## - ISBN - INTERNATIONAL STANDARD BOOK NUMBER
ISBN - International Standard Book Number 9+78-85-7596-154-4
040 ## - FONTE DA CATALOGAÇÃO
Instituição que transcreveu o registro Magnum
100 ## - ENTRADA PRINCIPAL--NOME PESSOAL
Nome pessoal Santos, José
240 10 - TÍTULO UNIFORME
Título uniforme Crianças do Brasil
Idioma da obra por
245 10 - TÍTULO
Título Crianças do Brasil
300 ## - DESCRIÇÃO FÍSICA
Extensão 96
362 0# - DATAS DE PUBLICAÇÃO E/OU DESIGNAÇÃO SEQUENCIAL
Datas de publicação e/ou designação sequencial 2008
440 #1 - DECLARAÇÃO DE SÉRIE/ENTRADA ADICIONADA--TÍTULO
Título Peirópolis
697 ## - ENTRADA DE ASSUNTO LOCAL--ENTIDADE COLETIVA (RLIN)
Nome corporativo ou nome da jurisdição LITERATURA INFANTO-JUVENIL
942 ## - ELEMENTOS DE ENTRADA ADICIONADOS (KOHA)
Tipo de material Koha Livros
Holdings
Situação do descarte Situação das perdas Situação física Não pode ser emprestado Biblioteca de origem Biblioteca atual Data de aquisição Total de empréstimos Número de chamada completo Código de barras Data de último acesso Data do preço efetivo Tipo de material Koha
        Magnum Magnum 08/06/2024   869.2.919 MAG00064783 08/06/2024 08/06/2024 Livros
        Magnum Magnum 08/06/2024   869.0.1350 MAG00075605 08/06/2024 08/06/2024 Livros
        Magnum Magnum 08/06/2024   869.0.1352 MAG00075607 08/06/2024 08/06/2024 Livros
        Magnum Magnum 08/06/2024   869.0.1354 MAG00075609 08/06/2024 08/06/2024 Livros
        Magnum Magnum 08/06/2024   869.0.1356 MAG00075611 08/06/2024 08/06/2024 Livros
        Magnum Magnum 08/06/2024   869.0.1357 MAG00075612 08/06/2024 08/06/2024 Livros
        Magnum Magnum 08/06/2024   869.0.1359 MAG00075614 08/06/2024 08/06/2024 Livros
        Magnum Magnum 08/06/2024   869.0.1360 MAG00075615 08/06/2024 08/06/2024 Livros
        Magnum Magnum 08/06/2024   869.0.1361 MAG00075616 08/06/2024 08/06/2024 Livros
        Magnum Magnum 08/06/2024   869.0.1371 MAG00075648 08/06/2024 08/06/2024 Livros